1157 1783 1884 1295 1945 1440 1381 1020 1290 1711 1270 1811 1373 1486 1771 1129 1223 1895 1839 1145 1883 1955 1910 1757 1401 1621 1142 1038 1711 1470 1056 1410 1511 1386 1495 1132 1117 1642 1062 1225 1865 1135 1278 1523 1700 1472 1593 1034 1187 1453 1953 1059 1673 1095 1099 1199 1168 1972 1509 1436 1488 1964 1790 1184 1419 1659 1222 1440 1421 1630 1858 1485 1163 1472 1951 1881 1816 1519 1843 1582 1339 1632 1960 1457 1609 1901 1917 1492 1842 1753 1873 1230 1477 1293 1452 1581 1115 1353 1285 BCNSPRNW ULIB Ver.6.0+V

เปลี่ยนเป็นภาษาไทย

Change to English
 แสดงรายละเอียดบรรณานุกรม
  กลับหน้าหลัก

Brief Record : Get Marc (ISO 2709) : E-mail record : QR code < ปิดหน้าต่าง
LEADER : 00000nam 2200000uu 4500
001    13399111941
003     ULIB
008    110712s2545||||th 000 0 tha d
020    9748212394
050  4 DS589T7^bก278ต 2545
100 0  กฤษกร วงศ์กรวุฒิ
245 10 ตราด/^cกฤษกร วงศ์กรวุฒิ
260    กรุงเทพฯ :^bสารคดี,^c[2545]
300    224 หน้า :^bภาพประกอบ, แผนที่ :^c21 ซม.
490 0  "นายรอบรู้" นักเดินทาง
651  7 ไทย (ภาคตะวันออก)^xความเป็นอยู่และประเพณี
651  7 ไทย (ภาคตะวันออก)^xภูมิประเทศและการท่องเที่ยว
651  7 ตราด^xความเป็นอยู่และประเพณี
651  7 ตราด^xภูมิประเทศและการท่องเที่ยว
651  7 ตราด^xโบราณสถาน
945    ^p95^l0^i015882
995    ทศพร
999 ^a ใช้งานได้ทุกระบบ
รายการนี้ยังไม่มีแท็ก
คุณยังไม่ได้ล็อกอิน คุณสามารถมีกิจกรรมร่วมกับเว็บไซต์ได้ แต่ต้องล็อกอินก่อน ::
  ล็อกอิน

รายการสื่อสารสนเทศ

ลำดับที่ ประเภท เลขเรียก/บาร์โค้ด สถานที่ สถานะ
- ไม่พบข้อมูล -

รายการใกล้เคียง
    ผู้แต่ง [กฤษกร วงศ์กรวุฒิ]

BibComment


ยังไม่เคยถูกคอมเมนท์

คอมเมนท์ทรัพยากรรายการนี้
  คอมเมนท์: ตราด กฤษกร วงศ์กร..


 Copyright 2026. Bcnsprnw @Library